000 00720cam a2200241 a 4500
001 174
003 BR-CuiBMT
005 20231213134254.0
008 230823s2021 mgba 000 0 por d
020 _a9786555182750
040 _aBR-CuiBMT
_cBR-CuiBMT
080 _22007
_a34:336.2
090 _a34:336.2
_bG118d
_c2. ed.
100 1 _aGabriel, Ivana Mussi
245 1 0 _aDireito tributário :
_bconstituição e código tributário nacional /
_cIvana Mussi Gabriel.
250 _a2. ed., rev. ampl. e atual.
260 _aBelo Horizonte :
_bFórum,
_cc2012.
300 _a357 p. :
_bil. ;
_c22 cm
504 _aInclui bibliografia.
650 _aDireito tributário
650 _aDireito financeiro
942 _2udc
_cLV
999 _c174
_d174